| 000 | 01451cad a22002295a 4500 | ||
|---|---|---|---|
| 001 | L138223 | ||
| 008 | 070523s2007 xxk f 000 0 eng d | ||
| 035 | _a(Sirsi) u138223 | ||
| 041 | 0 | _aeng | |
| 050 | 0 | 4 | _a333.332 $2 18 |
| 110 | 2 |
_aRoyal Institution of Chartered Surveyors _bResearch _94902 |
|
| 245 | 0 | 0 |
_aFinancing and valuing sustainable property _bwe need to talk _h[electronic resource] |
| 260 |
_aLondon _bRICS _c2007 |
||
| 490 | 0 |
_aRICS Findings in Built and Rural Environments _vApril 2007 |
|
| 520 | _aReports on the key findings from a RICS event held at the Rethinking Sustainable Construction 2006 conference. The event considered whether a sustainable building is worth more than a comparable standard one and discussed the role property valuation could have in demonstrating the added value provided by greener buildings. This report looks at the attitudes of property investors, emissions carbon trading, the need to include sustainability in property investment risk measures, and the social impact of sustainable development. Concludes with proposals for a future research programme. | ||
| 590 | _aKA | ||
| 651 | 4 | _aInternational | |
| 690 | _aPROPERTY-VALUATION AND APPRAISAL | ||
| 690 | _aENVIRONMENTAL AND LAND CONSULTANCY-SUSTAINABILITY-SUSTAINABLE DEVELOPMENT | ||
| 856 | 4 | 0 |
_uhttps://www.property-advisors.de/documents/RICS_FiBRE_Financing_and_Valuing_Sustainable_Property.pdf _zBroken link - not available |
| 942 | _n0 | ||
| 999 |
_c107068 _d107068 |
||